Fundamentals of economics for environmental managers (Record no. 11145)

000 -LEADER
fixed length control field 00300nam a22001217a 4500
040 ## - CATALOGING SOURCE
Transcribing agency HS
082 ## - DEWEY DECIMAL CLASSIFICATION NUMBER
Classification number 338 WIL 1984 C089
100 ## - MAIN ENTRY--AUTHOR NAME
Personal name WILLIAM F. BARRON
245 ## - TITLE STATEMENT
Title Fundamentals of economics for environmental managers
260 ## - PUBLICATION, DISTRIBUTION, ETC. (IMPRINT)
Place of publication London
Name of publisher WILLIAM F. BARRON
Year of publication 1984
300 ## - PHYSICAL DESCRIPTION
Number of Pages 224p;
942 ## - ADDED ENTRY ELEMENTS (KOHA)
Koha item type សៀវភៅភាសាអង់គ្លេស
952 ## - LOCATION AND ITEM INFORMATION (KOHA)
Withdrawn status [LOCAL, KOHA] 0
Holdings
Permanent Location Date acquired Koha item type Lost status Shelving location Barcode Current Location Full call number
Library Block C2017-02-17សៀវភៅភាសាអង់គ្លេស C186A04454Library Block C338 WIL 1984 C186
មជ្ឈមណ្ឌលឯការនៃសាកលវិទ្យាល័យភូមិន្ទកសិកម្មចំការដូង

Powered by Koha